000 00602nam a2200217Ia 4500
008 101110s9999 xx 000 0 und d
041 _aENGLISH
082 _bSR25499
100 _aBhagi Ajay Kumar and Chatwal G.R.
245 _aBioinorganic and supramolecular chemistry
260 _c2003
_bHimalaya publication house, Mumbai
300 _a374
365 _b175
520 _aChemistry
546 _aENGLISH
630 _aBioinorganic and supramolecular chemistry
650 _aChemistry
655 _aChemistry
730 _aBioinorganic and supramolecular chemistry
942 _cBOOK
999 _c818112
_d818109